Хроники Придайна. Кн. 3: Замок Ллира (Запись № 11607307)

Подробности
000 -МАРКЕР
контрольное поле 01280nam2a2200265 4500
001 - ИДЕНТИФИКАТОР ЗАПИСИ
контрольное поле RU\NLR\BIBL_A\011746779
005 - ИДЕНТИФИКАТОР ВЕРСИИ
контрольное поле 20180716160026.0
021 ## - НОМЕР ГОСУДАРСТВЕННОЙ РЕГИСТРАЦИИ
Код страны Российская Федерация
Номер КН-П-18-042015
Номер Листа государственной регистраци КН-П-18-3035
035 ## - ДРУГИЕ СИСТЕМНЫЕ НОМЕРА
Идентификатор записи (NLR Aleph) 011746779
035 ## - ДРУГИЕ СИСТЕМНЫЕ НОМЕРА
Идентификатор записи (RuMoRGB)009631961
100 ## - ДАННЫЕ ОБЩЕЙ ОБРАБОТКИ
Данные общей обработки 20180710d2018 c y0rusy50 ca
101 1# - ЯЗЫК РЕСУРСА
Язык текста, звукозаписи и т.д. русский
Язык оригинала английский
102 ## - СТРАНА ПУБЛИКАЦИИ ИЛИ ПРОИЗВОДСТВА
Страна публикации Российская Федерация
105 ## - ПОЛЕ КОДИРОВАННЫХ ДАННЫХ: ТЕКСТОВЫЕ МАТЕРИАЛЫ, МОНОГРАФИЧЕСКИЕ
Кодированные данные о монографическом текстовом документе a z 000ay
200 1# - ЗАГЛАВИЕ И СВЕДЕНИЯ ОБ ОТВЕТСТВЕННОСТИ
Основное заглавие Замок Ллира
210 ## - ПУБЛИКАЦИЯ, РАСПРОСТРАНЕНИЕ И ДР.
Дата издания, распространения и т.д. 2018
215 ## - ФИЗИЧЕСКАЯ ХАРАКТЕРИСТИКА
Специфическое обозначение материала и объем 253, [2] с.
Другие сведения о физической характеристике карт.
461 #0 - УРОВЕНЬ НАБОРА
Встроенное поле 001RU\NLR\BIBL_A\011624915
-- 2001#$aХроники Придайна$e[роман$eдля среднего школьного возраста]$fЛлойд Александер$g[перевод с английского Леонида Яхнина]$vКн. 3
-- 700#1$aАлександер$bЛ.$gЛлойд$f1924-2007$3RU\NLR\AUTH\770184750
Системный номер (АБИС) связанной записи 11003412
Автор Александер, Л. (1924-2007)
Место публикации Санкт-Петербург [и др.]
Дата публикации 2017
Первые сведения об ответственности Ллойд Александер
Имя издателя, распространителя и т.д. Азбука [и др.]
Сведения, относящиеся к заглавию [роман : для среднего школьного возраста]
Заглавие Хроники Придайна
Номер тома Кн. 3
852 ## - МЕСТОНАХОЖДЕНИЕ И ШИФР ХРАНЕНИЯ
Идентификатор организации NLR
Шифр хранения (Call Number) 2018-3/1753
942 ## - ДОПОЛНИТЕЛЬНЫЕ ЭЛЕМЕНТЫ ЗАПИСИ (АБИС)
Тип экземпляра АБИС Книга
980 ## - КОЛЛЕКЦИЯ
Название коллекции НБР
980 ## - КОЛЛЕКЦИЯ
Название коллекции Национальная библиография

Нет доступных экземпляров.